| 000 | 00752nam a2200229 4500 | ||
|---|---|---|---|
| 005 | 20260220090738.0 | ||
| 008 | 260220b |||||||| |||| 00| 0 eng d | ||
| 020 | _a9780763765408 | ||
| 050 |
_aHD57.7 _b.M35 2009 |
||
| 100 | _aMalloch, Kathy | ||
| 245 | _aThe quantum leader : applications for the new world of work / | ||
| 250 | _a2nd ed. | ||
| 260 |
_aSudbury, Mass. : _bJones and Bartlett Publishers, _c2009. |
||
| 300 |
_a vi, 246 p. : _bill. ; _c28 cm. |
||
| 500 | _a Includes bibliographical references and index. | ||
| 650 |
_aNursing services _xAdministration. |
||
| 650 | _aPsychology, Industrial. | ||
| 650 | _aNursing, Supervisory. | ||
| 650 | _aNursing, Supervisory. | ||
| 700 | _aPorter-O'Grady, Timothy. | ||
| 942 |
_2lcc _cBK |
||
| 999 |
_c60188 _d60188 |
||